<?xml version="1.0" encoding="UTF-8"?>
<marc:record xmlns:marc="http://www.loc.gov/MARC21/slim">
   <marc:leader>00000nam a2200000 a 4500</marc:leader>
   <marc:datafield ind1="1" ind2=" " tag="100">
      <marc:subfield code="a">Müller, Gerhard Ludwig</marc:subfield>
      <marc:subfield code="4">aut</marc:subfield>
      <marc:subfield code="e">Verfasser/-in</marc:subfield>
   </marc:datafield>
   <marc:datafield ind1=" " ind2=" " tag="653">
      <marc:subfield code="a">Papst</marc:subfield>
   </marc:datafield>
   <marc:datafield ind1=" " ind2=" " tag="653">
      <marc:subfield code="a">Katholische Theologie</marc:subfield>
   </marc:datafield>
   <marc:datafield ind1=" " ind2=" " tag="653">
      <marc:subfield code="a">Softcover / Sachbücher/Philosophie</marc:subfield>
   </marc:datafield>
   <marc:datafield ind1=" " ind2=" " tag="653">
      <marc:subfield code="a">Religion/Christliche Religionen</marc:subfield>
   </marc:datafield>
   <marc:datafield ind1="0" ind2="0" tag="245">
      <marc:subfield code="a">Der Papst</marc:subfield>
   </marc:datafield>
   <marc:datafield ind1="0" ind2="0" tag="245">
      <marc:subfield code="b">Sendung und Auftrag</marc:subfield>
   </marc:datafield>
   <marc:datafield ind1="0" ind2="0" tag="245">
      <marc:subfield code="c">Gerhard Kardinal Müller</marc:subfield>
   </marc:datafield>
   <marc:datafield ind1=" " ind2="1" tag="264">
      <marc:subfield code="a">Freiburg</marc:subfield>
      <marc:subfield code="b">Herder</marc:subfield>
   </marc:datafield>
   <marc:datafield ind1="1" ind2=" " tag="520">
      <marc:subfield code="a">Angaben aus der Verlagsmeldung

Der Papst : Sendung und Auftrag / von Gerhard Ludwig Müller

Der Präfekt der Glaubenskongregation, Gerhard Kardinal Müller, ermöglicht in seinem Buch einen Zugang zu den theologischen und historischen Dimensionen eines einzigartigen Amtes in der Welt. Aus einem sehr persönlichen Blickwinkel heraus und aus der konkreten täglichen Erfahrung an der Seite des Papstes werden alle Dimensionen angesprochen, die notwendig sind für ein tieferes Verstehen dieses sichtbaren Prinzips der Einheit der Kirche. Im Jahr des Gedenkens an die Reformation wird auch die kontroverse Auseinandersetzung der Jahrhunderte in ihren jeweiligen historischen Kontext gestellt. Ein Amt, das fasziniert und provoziert, das die Welt bewegt und mitreißt. Dieses Buch entlarvt Vorurteile und Klischees und legt den wahren Grund des Papstamtes frei.
</marc:subfield>
   </marc:datafield>
   <marc:datafield ind1=" " ind2=" " tag="020">
      <marc:subfield code="a">9783451377587</marc:subfield>
      <marc:subfield code="9">9783451377587</marc:subfield>
   </marc:datafield>
   <marc:datafield ind1=" " ind2=" " tag="020">
      <marc:subfield code="a">3451377586</marc:subfield>
      <marc:subfield code="9">3451377586</marc:subfield>
   </marc:datafield>
   <marc:datafield ind1=" " ind2=" " tag="041">
      <marc:subfield code="a">ger</marc:subfield>
   </marc:datafield>
   <marc:datafield ind1=" " ind2=" " tag="300">
      <marc:subfield code="a">605 Seiten</marc:subfield>
   </marc:datafield>
</marc:record>
